Statistics for Peter Pan - You Can Fly Lyrics

Click here to take the quiz!

General Stats

  • This quiz has been taken 153 times
  • The average score is 138 of 197

Answer Stats

Answer% Correct
fly
94%
a
92%
can
92%
you
92%
You
92%
the
91%
of
82%
think
81%
Think
81%
in
77%
it
76%
to
76%
To
76%
And
75%
and
75%
your
73%
go
72%
all
70%
happiest
70%
It's
70%
Never
70%
sky
70%
as
69%
Like
69%
things
69%
wings
69%
dream
68%
no
68%
We
68%
we
68%
When
68%
Any
67%
thought
67%
Land
66%
snow
66%
You'll
66%
you'll
66%
having
65%
just
65%
leave
65%
same
65%
world
65%
behind
64%
Christmas
64%
joy
64%
little
64%
off
64%
Off
64%
There's
64%
there's
64%
find
63%
for
63%
happy
63%
will
63%
is
60%
moon
60%
that
60%
time
60%
come
59%
Come
59%
reindeer
59%
wonderful
59%
bells
58%
dreams
58%
heart
58%
true
58%
waiting
58%
Where
58%
Neverland
57%
sleigh
57%
smile
57%
start
57%
If
56%
on
56%
see
56%
awake
53%
better
53%
goodbye
53%
merry
53%
ho
52%
my
52%
Oh
52%
still
52%
Every
51%
Let's
50%
try
49%
eye
48%
him
48%
his
48%
Look
48%
Now
48%
once
48%
stars
48%
Up
48%
with
48%
more
47%
we're
45%
everybody
44%
floor
44%
rising
43%
beyond
42%
here
41%
Jiminy!
40%
wink
39%
cares
34%
path
34%
blue
33%
heigh
32%
make
31%
Take
31%
bid
27%
moonbeams
26%

Score Distribution

Percentile by Number Answered

Percent of People with Each Score

Your Score History

You have not taken this quiz